000 00672nam a2200193 i 4500
001 64797
003 ES-MaACL
005 20250704063112.0
007 t|
008 040105s1914 fr ||||1| fre d
100 1 _aFouillée, Alfred,
_d1838-1912
_951939
245 1 0 _aHumanitaires et libertaires au point de vue sociologique et moral /
_cpar Alfred Fouillée.
260 _aParís :
_bFélix Alcan,
_c1914 (
_eSaint-Cloud :
_fBelin Frères)
300 _aIX, 209 p. ;
_c18 cm.
490 1 _aBibliothèque de philosophie contemporaine
830 0 _aBibliothèque de philosophie contemporaine
_9181027
852 _aES-MaACL
_jF-11868
999 _c64797
_d64797